| 000 | 00965cab a2200277 4500 | ||
|---|---|---|---|
| 001 | ABS51204 | ||
| 008 | 090401t1994 xxu||||| |||| 00| 0 eng d | ||
| 035 | _a(Sirsi) u14766 | ||
| 041 | _aeng | ||
| 100 | _aPowell-Smith, V. | ||
| 245 | 4 | _aThe legal obligations of performance bonds | |
| 260 | _c1994 | ||
| 350 | _a0 | ||
| 490 |
_aContract Journal _v374(5986) 4 August 1994, 10(1) |
||
| 520 | _aDiscusses "Northwood Development Co Ltd v Aegon Insurance Co (UK) Ltd" (1994), and the legal obligation created by a performance bond and the effect of the liquidation of the firm Declan Kelly Homes. | ||
| 650 | _aCONTRACT CLAIMS | ||
| 650 | _aDETERMINATION | ||
| 650 | _aJCT MANAGEMENT CONTRACT | ||
| 650 | _aLEGAL OBLIGATIONS | ||
| 650 | _aPERFORMANCE BONDS | ||
| 650 | _aRECEIVERSHIP | ||
| 650 | _aTRADE INDEMNITY CO LTD V WORKINGTON HARBOUR & DOCK BOARD | ||
| 690 | _aBUILT ENVIRONMENT-BUILDING CONTRACT FORMS | ||
| 942 | _n0 | ||
| 948 | _c04/03/1997 | ||
| 999 |
_c9638 _d9638 |
||